Rules for building and classing mobile offshore drilling units, 1985.

Bibliographic Details
Corporate Author: American Bureau of Shipping
Format: Book
Language:English
Published: New York, N.Y. : American Bureau of Shipping, 1985.
Subjects:

MARC

Tag First Indicator Second Indicator Subfields
LEADER 00000cam a2200000 a 4500
001 in00000439613
005 20151012071429.0
008 850516s1985 nyua 00110 eng d
035 |a (OCoLC)12041350 
035 |9 ABW7349AM 
040 |a TRL  |c TRL  |d TXA  |d UtOrBLW 
049 |a TXAM  |c [A09683420] 
090 |a TN871.3  |b .A46 1985 
110 2 |a American Bureau of Shipping. 
245 1 0 |a Rules for building and classing mobile offshore drilling units, 1985. 
264 1 |a New York, N.Y. :  |b American Bureau of Shipping,  |c 1985. 
300 |a 1 volume (various pagings) :  |b illustrations ;  |c 25 cm. 
336 |a text  |b txt  |2 rdacontent 
337 |a unmediated  |b n  |2 rdamedia 
338 |a volume  |b nc  |2 rdacarrier 
500 |a Spine title: Mobile offshore drilling units. 
500 |a Includes index. 
650 0 |a Drilling platforms  |x Handbooks, manuals, etc. 
740 0 |a Mobile offshore drilling units. 
999 |a MARS 
999 f f |s 132d6d27-1daf-374b-9291-3bd0a19a60b6  |i c43e30b2-f9f8-35ac-bfe0-49f61b4237c0  |t 0 
952 f f |p ric  |a Texas A&M University  |b Rellis Campus  |c Joint Library Facility  |d Remote Storage  |t 0  |e TN871.3 .A46 1985  |h Library of Congress classification  |i unmediated -- volume  |m A14809683420 
998 f f |a TN871.3 .A46 1985  |t 0  |l Remote Storage